Statistics for U.S. Oddities A-Z: College Mascots #2

Click here to take the quiz!

General Stats

  • This quiz has been taken 51 times
    (45 since last reset)
  • The average score is 21 of 26

Answer Stats

QuestionAnswer% Correct
University of KansasJayhawks
97%
University of North TexasMean Green
97%
Grand Canyon UniversityAntelopes
91%
Pennsylvania State UniversityNittany Lions
91%
Which school has the Hoosiers as its mascot?University of Indiana
91%
University of DelawareFightin' Blue Hens
88%
University of California, Santa BarbaraGauchos
88%
Georgetown UniversityHoyas
88%
Which school has the Bobcats as their mascot?Quinnipiac University
88%
University of Louisiana at MonroeWarhawks
88%
Coastal Carolina UniversityChanticleers
85%
University of San FranciscoDons
85%
Richmond UniversitySpiders
85%
Marshall UniversityThundering Herd
85%
What school has the Black Knights as their mascot?United States Military Academy
85%
University of Texas Rio Grande ValleyVaqueros
85%
Longwood UniversityLancers
79%
Hofstra UniversityPride
79%
Which school with an "X" in its name has the Dragons as their mascot?Drexel University
76%
Loyola University ChicagoRamblers
76%
Which school has the Penguins as their mascot?Youngstown State University
76%
Which of these school/mascot combinations containing a "Z" in the mascot name is not real?University of California Berkeley - "Quetzalcoatlus"
74%
Which school has the Colonels as its mascot?Eastern Kentucky University
71%
Virginia Military InstituteKeydets
71%
University of North FloridaOspreys
71%
Presbyterian CollegeBlue Hose
50%

Score Distribution

Percentile by Number Answered

Percent of People with Each Score

Your Score History

You have not taken this quiz since the last reset